[Event "DEM U10w 2022"]
[Site "Willingen GER"]
[Date "2022.06.09"]
[Round "8"]
[White "Dominick, Johanna"]
[Black "Klymenko, Mariia"]
[Result "1/2-1/2"]
[Termination "normal"]
[Board "9"]
[WhiteElo "1431"]
[BlackElo "871"]
[WhiteClock "00:29:01"]
[BlackClock "00:23:44"]
[PlyCount "42"]
[WhiteFideId "16296532"]
[BlackFideId "34620621"]
[EventCountry "GER"]
[EventRounds "11"]
[EventType "swiss"]
[EventDate "2022.06.04"]

1. d4 {[%clk 01:15:59]} {[%emt 19:40:04]} d5 {[%clk 01:15:58]} {[%emt
00:00:02]} 2. f4 {[%clk 01:16:22]} {[%emt 00:00:07]} e6 {[%clk 01:15:57]}
{[%emt 00:00:29]} 3. e3 {[%clk 01:16:48]} {[%emt 00:00:06]} Nf6 {[%clk
01:15:58]} {[%emt 00:00:27]} 4. Nf3 {[%clk 01:17:13]} {[%emt 00:00:07]} Be7
{[%clk 01:15:45]} {[%emt 00:00:43]} 5. Bd3 {[%clk 01:17:38]} {[%emt 00:00:06]}
O-O {[%clk 01:15:59]} {[%emt 00:00:15]} 6. O-O {[%clk 01:18:03]} {[%emt
00:00:06]} b6 {[%clk 01:15:52]} {[%emt 00:00:36]} 7. Ne5 {[%clk 01:18:17]}
{[%emt 00:00:14]} Nbd7 {[%clk 01:14:46]} {[%emt 00:01:33]} 8. Nd2 {[%clk
01:18:07]} {[%emt 00:00:43]} Bb7 {[%clk 01:14:39]} {[%emt 00:00:38]} 9. Ndf3
{[%clk 01:14:50]} {[%emt 00:03:46]} Ne4 {[%clk 01:14:24]} {[%emt 00:00:42]} 10.
c3 {[%clk 01:13:20]} {[%emt 00:02:05]} f6 {[%clk 01:01:11]} {[%emt 00:13:37]}
11. Ng4 {[%clk 01:10:23]} {[%emt 00:03:26]} Qe8 {[%clk 00:59:27]} {[%emt
00:02:06]} 12. Qe1 {[%clk 01:03:04]} {[%emt 00:08:04]} Bd6 {[%clk 00:55:40]}
{[%emt 00:04:16]} 13. Qh4 {[%clk 00:49:56]} {[%emt 00:13:31]} e5 {[%clk
00:48:26]} {[%emt 00:07:51]} 14. dxe5 {[%clk 00:43:32]} {[%emt 00:06:52]} fxe5
{[%clk 00:48:04]} {[%emt 00:00:53]} 15. Ng5 {[%clk 00:36:21]} {[%emt 00:07:41]}
h6 {[%clk 00:46:42]} {[%emt 00:01:50]} 16. Nxh6+ {[%clk 00:35:43]} {[%emt
00:01:12]} gxh6 {[%clk 00:44:39]} {[%emt 00:02:32]} 17. Qxh6 {[%clk 00:36:04]}
{[%emt 00:00:07]} Rf6 {[%clk 00:40:25]} {[%emt 00:04:44]} 18. Qh7+ {[%clk
00:33:44]} {[%emt 00:02:53]} Kf8 {[%clk 00:40:39]} {[%emt 00:00:12]} 19. Rf3
{[%clk 00:29:40]} {[%emt 00:04:37]} Nxg5 {[%clk 00:25:05]} {[%emt 00:16:05]}
20. fxg5 {[%clk 00:29:09]} {[%emt 00:01:00]} Rxf3 {[%clk 00:24:39]} {[%emt
00:00:54]} 21. gxf3 {[%clk 00:29:01]} {[%emt 00:00:41]} Qf7 {[%clk 00:23:44]}
{[%emt 00:01:19]} 1/2-1/2

[Event "DEM U10w 2022"]
[Site "Willingen GER"]
[Date "2022.06.09"]
[Round "8"]
[White "Marrufo, Adriana"]
[Black "Tu, Audrey"]
[Result "0-1"]
[Termination "normal"]
[Board "10"]
[WhiteElo "927"]
[BlackElo "1108"]
[WhiteClock "00:09:37"]
[BlackClock "00:23:51"]
[PlyCount "82"]
[WhiteFideId "34630252"]
[BlackFideId "34628568"]
[EventCountry "GER"]
[EventRounds "11"]
[EventType "swiss"]
[EventDate "2022.06.04"]

1. e4 {[%clk 01:15:53]} {[%emt 00:00:05]} e5 {[%clk 01:15:55]} {[%emt
00:00:06]} 2. Nf3 {[%clk 01:16:10]} {[%emt 00:00:13]} Nc6 {[%clk 01:16:19]}
{[%emt 00:00:07]} 3. d4 {[%clk 01:16:10]} {[%emt 00:00:29]} exd4 {[%clk
01:16:34]} {[%emt 00:00:16]} 4. Nxd4 {[%clk 01:16:05]} {[%emt 00:00:33]} Nf6
{[%clk 01:16:41]} {[%emt 00:00:25]} 5. Nxc6 {[%clk 01:16:06]} {[%emt 00:00:28]}
bxc6 {[%clk 01:17:01]} {[%emt 00:00:11]} 6. Bd3 {[%clk 01:16:13]} {[%emt
00:00:22]} d5 {[%clk 01:15:43]} {[%emt 00:01:49]} 7. Qe2 {[%clk 01:16:02]}
{[%emt 00:00:40]} Be6 {[%clk 01:12:31]} {[%emt 00:03:43]} 8. Bf4 {[%clk
01:00:40]} {[%emt 00:15:51]} Bc5 {[%clk 01:07:57]} {[%emt 00:05:05]} 9. Nd2
{[%clk 00:58:04]} {[%emt 00:03:05]} Rb8 {[%clk 01:03:28]} {[%emt 00:05:00]} 10.
Rb1 {[%clk 00:55:47]} {[%emt 00:02:46]} h6 {[%clk 00:58:11]} {[%emt 00:05:47]}
11. Nf3 {[%clk 00:52:20]} {[%emt 00:03:56]} Nd7 {[%clk 00:47:24]} {[%emt
00:11:19]} 12. b3 {[%clk 00:34:28]} {[%emt 00:18:21]} O-O {[%clk 00:39:19]}
{[%emt 00:08:35]} 13. Qd2 {[%clk 00:33:25]} {[%emt 00:01:33]} dxe4 {[%clk
00:36:16]} {[%emt 00:03:33]} 14. Bxe4 {[%clk 00:33:11]} {[%emt 00:00:44]} Qf6
{[%clk 00:35:49]} {[%emt 00:00:57]} 15. Bxc6 {[%clk 00:29:43]} {[%emt
00:03:57]} Bb4 {[%clk 00:33:16]} {[%emt 00:03:05]} 16. O-O {[%clk 00:26:32]}
{[%emt 00:03:40]} Bxd2 {[%clk 00:32:57]} {[%emt 00:00:49]} 17. Bxd2 {[%clk
00:24:16]} {[%emt 00:02:46]} Qg6 {[%clk 00:31:27]} {[%emt 00:02:01]} 18. Rfe1
{[%clk 00:22:33]} {[%emt 00:02:12]} Qxc2 {[%clk 00:29:48]} {[%emt 00:02:10]}
19. Rec1 {[%clk 00:19:33]} {[%emt 00:03:29]} Qg6 {[%clk 00:27:38]} {[%emt
00:02:40]} 20. Ba4 {[%clk 00:14:51]} {[%emt 00:05:12]} Bg4 {[%clk 00:25:13]}
{[%emt 00:02:55]} 21. Rxc7 {[%clk 00:13:55]} {[%emt 00:01:26]} Qxb1+ {[%clk
00:24:50]} {[%emt 00:00:53]} 22. Rc1 {[%clk 00:10:41]} {[%emt 00:03:42]} Qxa2
{[%clk 00:23:20]} {[%emt 00:02:41]} 23. h3 {[%clk 00:09:57]} {[%emt 00:01:15]}
Bxf3 {[%clk 00:23:06]} {[%emt 00:00:44]} 24. gxf3 {[%clk 00:10:00]} {[%emt
00:00:27]} Qxd2 {[%clk 00:23:16]} {[%emt 00:00:20]} 25. Rf1 {[%clk 00:09:51]}
{[%emt 00:00:38]} Ne5 {[%clk 00:22:38]} {[%emt 00:01:09]} 26. Kg2 {[%clk
00:09:24]} {[%emt 00:00:56]} Qe2 {[%clk 00:22:06]} {[%emt 00:01:03]} 27. f4
{[%clk 00:07:24]} {[%emt 00:02:29]} Qf3+ {[%clk 00:21:38]} {[%emt 00:00:59]}
28. Kg1 {[%clk 00:07:22]} {[%emt 00:00:32]} Qxf4 {[%clk 00:21:49]} {[%emt
00:00:19]} 29. Re1 {[%clk 00:07:19]} {[%emt 00:00:32]} Nf3+ {[%clk 00:22:08]}
{[%emt 00:00:12]} 30. Kf1 {[%clk 00:07:32]} {[%emt 00:00:17]} Nxe1 {[%clk
00:22:28]} {[%emt 00:00:11]} 31. Kxe1 {[%clk 00:07:49]} {[%emt 00:00:12]} Qe4+
{[%clk 00:21:48]} {[%emt 00:01:10]} 32. Kf1 {[%clk 00:08:03]} {[%emt 00:00:15]}
Rxb3 {[%clk 00:21:55]} {[%emt 00:00:24]} 33. Bxb3 {[%clk 00:08:15]} {[%emt
00:00:16]} Qb1+ {[%clk 00:22:22]} {[%emt 00:00:05]} 34. Kg2 {[%clk 00:08:23]}
{[%emt 00:00:22]} Qxb3 {[%clk 00:22:46]} {[%emt 00:00:06]} 35. Kg1 {[%clk
00:08:35]} {[%emt 00:00:17]} Qxh3 {[%clk 00:23:06]} {[%emt 00:00:11]} 36. f3
{[%clk 00:08:48]} {[%emt 00:00:17]} Qg3+ {[%clk 00:22:48]} {[%emt 00:00:47]}
37. Kh1 {[%clk 00:08:54]} {[%emt 00:00:24]} Qxf3+ {[%clk 00:23:07]} {[%emt
00:00:11]} 38. Kh2 {[%clk 00:09:02]} {[%emt 00:00:22]} Re8 {[%clk 00:23:01]}
{[%emt 00:00:37]} 39. Kg1 {[%clk 00:09:22]} {[%emt 00:00:09]} Re3 {[%clk
00:23:04]} {[%emt 00:00:28]} 40. Kh2 {[%clk 00:09:21]} {[%emt 00:00:31]} Qf2+
{[%clk 00:23:26]} {[%emt 00:00:08]} 41. Kh1 {[%clk 00:09:37]} {[%emt 00:00:13]}
Re1# {[%clk 00:23:51]} {[%emt 00:00:06]} 0-1

[Event "DEM U10w 2022"]
[Site "Willingen GER"]
[Date "2022.06.09"]
[Round "8"]
[White "Frydel, Helena"]
[Black "Berger, Jennifer"]
[Result "0-1"]
[Termination "normal"]
[Board "11"]
[WhiteElo "1141"]
[BlackElo "1046"]
[WhiteClock "00:16:20"]
[BlackClock "01:00:22"]
[PlyCount "144"]
[WhiteFideId "16266536"]
[BlackFideId "34630074"]
[EventCountry "GER"]
[EventRounds "11"]
[EventType "swiss"]
[EventDate "2022.06.04"]

1. e4 {[%clk 01:15:58]} {[%emt 00:00:01]} e5 {[%clk 01:15:55]} {[%emt
00:00:06]} 2. d4 {[%clk 01:16:20]} {[%emt 00:00:08]} Nf6 {[%clk 01:14:46]}
{[%emt 00:01:37]} 3. Nc3 {[%clk 01:16:27]} {[%emt 00:00:24]} Nc6 {[%clk
01:14:53]} {[%emt 00:00:24]} 4. d5 {[%clk 01:16:28]} {[%emt 00:00:29]} Nd4
{[%clk 01:14:03]} {[%emt 00:01:19]} 5. Be3 {[%clk 01:14:53]} {[%emt 00:02:05]}
Bc5 {[%clk 01:13:40]} {[%emt 00:00:53]} 6. Nf3 {[%clk 01:14:00]} {[%emt
00:01:17]} Nxf3+ {[%clk 01:13:40]} {[%emt 00:00:36]} 7. Qxf3 {[%clk 01:13:57]}
{[%emt 00:00:33]} Bb6 {[%clk 01:13:16]} {[%emt 00:00:54]} 8. Bg5 {[%clk
01:12:05]} {[%emt 00:02:19]} d6 {[%clk 01:10:55]} {[%emt 00:02:54]} 9. Bxf6
{[%clk 01:10:04]} {[%emt 00:02:31]} Qxf6 {[%clk 01:09:50]} {[%emt 00:01:33]}
10. Qxf6 {[%clk 01:10:22]} {[%emt 00:00:14]} gxf6 {[%clk 01:10:04]} {[%emt
00:00:16]} 11. Bb5+ {[%clk 01:10:17]} {[%emt 00:00:32]} Bd7 {[%clk 01:06:11]}
{[%emt 00:04:27]} 12. Bxd7+ {[%clk 01:07:21]} {[%emt 00:03:26]} Kxd7 {[%clk
01:06:01]} {[%emt 00:00:38]} 13. Ke2 {[%clk 01:06:23]} {[%emt 00:01:19]} Rhg8
{[%clk 01:03:27]} {[%emt 00:03:14]} 14. g3 {[%clk 01:06:04]} {[%emt 00:00:48]}
c6 {[%clk 01:03:22]} {[%emt 00:00:33]} 15. f3 {[%clk 01:01:04]} {[%emt
00:05:32]} Bd4 {[%clk 01:03:12]} {[%emt 00:00:41]} 16. Kd3 {[%clk 01:00:35]}
{[%emt 00:00:59]} c5 {[%clk 01:03:17]} {[%emt 00:00:25]} 17. Rab1 {[%clk
00:57:59]} {[%emt 00:03:06]} b6 {[%clk 01:03:21]} {[%emt 00:00:26]} 18. b3
{[%clk 00:56:56]} {[%emt 00:01:13]} Rac8 {[%clk 01:00:58]} {[%emt 00:03:11]}
19. Nb5 {[%clk 00:46:34]} {[%emt 00:10:37]} a5 {[%clk 00:59:10]} {[%emt
00:02:35]} 20. Nxd4 {[%clk 00:45:34]} {[%emt 00:01:30]} cxd4 {[%clk 00:55:31]}
{[%emt 00:04:08]} 21. Rbc1 {[%clk 00:44:02]} {[%emt 00:02:02]} Rc3+ {[%clk
00:54:22]} {[%emt 00:01:40]} 22. Kd2 {[%clk 00:42:02]} {[%emt 00:02:27]} Ke7
{[%clk 00:53:07]} {[%emt 00:01:48]} 23. a4 {[%clk 00:33:20]} {[%emt 00:09:12]}
Rxf3 {[%clk 00:52:59]} {[%emt 00:00:36]} 24. Rcf1 {[%clk 00:31:44]} {[%emt
00:02:02]} Rc3 {[%clk 00:52:33]} {[%emt 00:01:03]} 25. Rf2 {[%clk 00:29:02]}
{[%emt 00:03:04]} Rgc8 {[%clk 00:52:26]} {[%emt 00:00:45]} 26. Rc1 {[%clk
00:25:04]} {[%emt 00:04:23]} Rg8 {[%clk 00:48:35]} {[%emt 00:04:25]} 27. Rcf1
{[%clk 00:23:58]} {[%emt 00:01:32]} Rg6 {[%clk 00:48:44]} {[%emt 00:00:26]} 28.
Rf3 {[%clk 00:23:45]} {[%emt 00:00:41]} Rxf3 {[%clk 00:48:03]} {[%emt
00:01:11]} 29. Rxf3 {[%clk 00:23:42]} {[%emt 00:00:34]} Rg8 {[%clk 00:48:03]}
{[%emt 00:00:31]} 30. c4 {[%clk 00:23:48]} {[%emt 00:00:23]} Rc8 {[%clk
00:47:47]} {[%emt 00:00:45]} 31. Rf5 {[%clk 00:21:32]} {[%emt 00:02:44]} Rg8
{[%clk 00:47:05]} {[%emt 00:01:15]} 32. Rh5 {[%clk 00:21:33]} {[%emt 00:00:24]}
Rg4 {[%clk 00:47:26]} {[%emt 00:00:14]} 33. Kd3 {[%clk 00:21:29]} {[%emt
00:00:34]} Rg7 {[%clk 00:47:08]} {[%emt 00:00:48]} 34. Rf5 {[%clk 00:17:06]}
{[%emt 00:04:53]} Rg6 {[%clk 00:46:35]} {[%emt 00:01:03]} 35. Rf2 {[%clk
00:16:47]} {[%emt 00:00:47]} h5 {[%clk 00:45:57]} {[%emt 00:01:10]} 36. Rb2
{[%clk 00:11:43]} {[%emt 00:05:31]} Kd7 {[%clk 00:45:19]} {[%emt 00:01:10]} 37.
b4 {[%clk 00:11:33]} {[%emt 00:00:41]} axb4 {[%clk 00:45:35]} {[%emt 00:00:12]}
38. Rxb4 {[%clk 00:11:41]} {[%emt 00:00:25]} Kc7 {[%clk 00:45:55]} {[%emt
00:00:08]} 39. Rb2 {[%clk 00:11:08]} {[%emt 00:00:47]} Rg4 {[%clk 00:45:25]}
{[%emt 00:00:58]} 40. Ra2 {[%clk 00:10:33]} {[%emt 00:01:08]} h4 {[%clk
00:42:53]} {[%emt 00:03:18]} 41. Rg2 {[%clk 00:09:57]} {[%emt 00:01:05]} hxg3
{[%emt 00:01:01]} 42. hxg3 {[%emt 00:00:09]} Kb7 {[%clk 00:41:57]} {[%emt
00:00:17]} 43. Re2 {[%clk 00:00:33]} {[%emt 00:09:54]} Rxg3+ {[%clk 00:42:13]}
{[%emt 00:00:15]} 44. Kd2 {[%clk 00:00:45]} {[%emt 00:00:17]} Rf3 {[%clk
00:41:53]} {[%emt 00:00:50]} 45. Kd1 {[%clk 00:15:10]} {[%emt 00:01:05]} d3
{[%clk 00:56:50]} {[%emt 00:00:33]} 46. Rb2 {[%clk 00:14:23]} {[%emt 00:01:18]}
Ka6 {[%clk 00:56:38]} {[%emt 00:00:42]} 47. Kd2 {[%clk 00:12:30]} {[%emt
00:02:23]} Rf2+ {[%clk 00:56:30]} {[%emt 00:00:37]} 48. Kc3 {[%clk 00:12:38]}
{[%emt 00:00:16]} Rxb2 {[%clk 00:56:30]} {[%emt 00:00:35]} 49. Kxb2 {[%clk
00:12:56]} {[%emt 00:00:13]} d2 {[%clk 00:56:54]} {[%emt 00:00:06]} 50. Kc2
{[%clk 00:13:20]} {[%emt 00:00:06]} d1=Q+ {[%clk 00:57:05]} {[%emt 00:00:19]}
51. Kxd1 {[%clk 00:13:45]} {[%emt 00:00:04]} Ka5 {[%clk 00:57:26]} {[%emt
00:00:10]} 52. Kc2 {[%clk 00:13:59]} {[%emt 00:00:17]} Kb4 {[%clk 00:56:53]}
{[%emt 00:01:03]} 53. Kd3 {[%clk 00:13:41]} {[%emt 00:00:47]} Kxa4 {[%clk
00:57:04]} {[%emt 00:00:19]} 54. Kc3 {[%clk 00:14:05]} {[%emt 00:00:07]} Ka3
{[%clk 00:56:50]} {[%emt 00:00:43]} 55. Kc2 {[%clk 00:13:28]} {[%emt 00:01:06]}
Kb4 {[%clk 00:56:59]} {[%emt 00:00:20]} 56. Kd3 {[%clk 00:13:32]} {[%emt
00:00:27]} Kb3 {[%clk 00:57:24]} {[%emt 00:00:07]} 57. Kd2 {[%clk 00:12:33]}
{[%emt 00:01:28]} Kxc4 {[%clk 00:57:31]} {[%emt 00:00:22]} 58. Ke3 {[%clk
00:12:45]} {[%emt 00:00:19]} Kc3 {[%clk 00:57:47]} {[%emt 00:00:15]} 59. Ke2
{[%clk 00:12:40]} {[%emt 00:00:34]} Kc2 {[%clk 00:57:50]} {[%emt 00:00:27]} 60.
Ke3 {[%clk 00:13:04]} {[%emt 00:00:06]} b5 {[%clk 00:58:04]} {[%emt 00:00:17]}
61. Ke2 {[%clk 00:12:59]} {[%emt 00:00:51]} b4 {[%clk 00:58:09]} {[%emt
00:00:25]} 62. Ke1 {[%clk 00:12:41]} {[%emt 00:00:47]} b3 {[%clk 00:58:32]}
{[%emt 00:00:08]} 63. Ke2 {[%clk 00:13:07]} {[%emt 00:00:04]} b2 {[%clk
00:58:48]} {[%emt 00:00:12]} 64. Ke3 {[%clk 00:13:34]} {[%emt 00:00:05]} b1=Q
{[%clk 00:59:07]} {[%emt 00:00:11]} 65. Ke2 {[%clk 00:13:53]} {[%emt 00:00:11]}
Qd1 {[%clk 00:59:31]} {[%emt 00:00:06]} 66. Ke3 {[%clk 00:14:18]} {[%emt
00:00:06]} Qd3+ {[%clk 00:59:50]} {[%emt 00:00:10]} 67. Kf2 {[%clk 00:14:34]}
{[%emt 00:00:14]} Kd2 {[%clk 01:00:02]} {[%emt 00:00:17]} 68. Kg1 {[%clk
00:14:46]} {[%emt 00:00:19]} Qf3 {[%clk 01:00:10]} {[%emt 00:00:22]} 69. Kh2
{[%clk 00:15:07]} {[%emt 00:00:09]} Qg4 {[%clk 01:00:29]} {[%emt 00:00:10]} 70.
Kh1 {[%clk 00:15:31]} {[%emt 00:00:06]} Ke2 {[%clk 01:00:44]} {[%emt 00:00:16]}
71. Kh2 {[%clk 00:15:56]} {[%emt 00:00:05]} Kf2 {[%clk 01:01:04]} {[%emt
00:00:09]} 72. Kh1 {[%clk 00:16:20]} {[%emt 00:00:06]} Qg2+ {[%clk 01:00:22]}
{[%emt 00:00:43]} 0-1

[Event "DEM U10w 2022"]
[Site "Willingen GER"]
[Date "2022.06.09"]
[Round "8"]
[White "Weyerer, Elea"]
[Black "Beimler, Annemarie"]
[Result "1-0"]
[Termination "normal"]
[Board "12"]
[WhiteElo "876"]
[BlackElo "954"]
[WhiteClock "00:35:39"]
[BlackClock "00:06:56"]
[PlyCount "75"]
[WhiteFideId "34605770"]
[EventCountry "GER"]
[EventRounds "11"]
[EventType "swiss"]
[EventDate "2022.06.04"]

1. d4 {[%clk 01:15:58]} f5 {[%clk 01:15:57]} {[%emt 00:00:04]} 2. Bf4 {[%clk
01:16:12]} {[%emt 00:00:16]} Nf6 {[%clk 01:16:22]} {[%emt 00:00:05]} 3. e3
{[%clk 01:16:11]} {[%emt 00:00:30]} e6 {[%clk 01:16:36]} {[%emt 00:00:16]} 4.
Nd2 {[%clk 01:15:50]} {[%emt 00:00:52]} b6 {[%clk 01:16:46]} {[%emt 00:00:19]}
5. Ngf3 {[%clk 01:14:40]} {[%emt 00:01:41]} Bb7 {[%clk 01:16:10]} {[%emt
00:01:06]} 6. c3 {[%clk 01:13:57]} {[%emt 00:01:13]} h6 {[%clk 01:02:36]}
{[%emt 00:14:04]} 7. h4 {[%clk 01:11:44]} {[%emt 00:02:42]} d6 {[%clk
01:00:12]} {[%emt 00:02:55]} 8. Qb3 {[%clk 01:06:38]} {[%emt 00:05:35]} Qc8
{[%clk 00:47:40]} {[%emt 00:13:02]} 9. Bc4 {[%clk 01:02:34]} {[%emt 00:04:35]}
d5 {[%clk 00:47:12]} {[%emt 00:00:57]} 10. Be2 {[%clk 01:00:00]} {[%emt
00:03:04]} Bd6 {[%clk 00:37:01]} {[%emt 00:10:41]} 11. c4 {[%clk 00:54:26]}
{[%emt 00:06:04]} O-O {[%clk 00:33:54]} {[%emt 00:03:37]} 12. Rc1 {[%clk
00:50:00]} {[%emt 00:04:57]} Bxf4 {[%clk 00:32:42]} {[%emt 00:01:41]} 13. exf4
{[%clk 00:48:59]} {[%emt 00:01:30]} dxc4 {[%clk 00:27:16]} {[%emt 00:05:56]}
14. Bxc4 {[%clk 00:47:54]} {[%emt 00:01:37]} Bd5 {[%clk 00:17:14]} {[%emt
00:10:32]} 15. O-O {[%clk 00:43:32]} {[%emt 00:04:51]} c5 {[%clk 00:13:33]}
{[%emt 00:04:12]} 16. Rfe1 {[%clk 00:39:56]} {[%emt 00:04:03]} cxd4 {[%clk
00:09:34]} {[%emt 00:04:31]} 17. Bxd5 {[%clk 00:39:26]} {[%emt 00:01:00]} exd5
{[%clk 00:07:54]} {[%emt 00:02:10]} 18. Rxc8 {[%clk 00:39:34]} {[%emt
00:00:22]} Rxc8 {[%clk 00:08:12]} {[%emt 00:00:13]} 19. Nxd4 {[%clk 00:37:53]}
{[%emt 00:02:10]} Nc6 {[%clk 00:05:31]} {[%emt 00:03:11]} 20. Nxc6 {[%clk
00:36:23]} {[%emt 00:02:00]} Rxc6 {[%clk 00:05:52]} {[%emt 00:00:08]} 21. f3
{[%clk 00:33:27]} {[%emt 00:03:25]} Re8 {[%clk 00:04:06]} {[%emt 00:02:18]} 22.
Rxe8+ {[%clk 00:33:27]} {[%emt 00:00:31]} Nxe8 {[%clk 00:04:26]} {[%emt
00:00:10]} 23. Qxd5+ {[%clk 00:33:43]} {[%emt 00:00:14]} Kh7 {[%clk 00:04:39]}
{[%emt 00:00:17]} 24. Qxc6 {[%clk 00:34:04]} {[%emt 00:00:08]} Nf6 {[%clk
00:04:57]} {[%emt 00:00:11]} 25. Qb7 {[%clk 00:34:01]} {[%emt 00:00:34]} Nh5
{[%clk 00:05:19]} {[%emt 00:00:09]} 26. Qxa7 {[%clk 00:34:03]} {[%emt
00:00:27]} Nxf4 {[%clk 00:05:41]} {[%emt 00:00:08]} 27. Qxb6 {[%clk 00:34:03]}
{[%emt 00:00:30]} Ne2+ {[%clk 00:05:54]} {[%emt 00:00:18]} 28. Kf2 {[%clk
00:34:05]} {[%emt 00:00:27]} Nf4 {[%clk 00:06:10]} {[%emt 00:00:14]} 29. a4
{[%clk 00:33:50]} {[%emt 00:00:45]} Nd5 {[%clk 00:06:32]} {[%emt 00:00:08]} 30.
Qc5 {[%clk 00:33:51]} {[%emt 00:00:27]} Nf6 {[%clk 00:06:31]} {[%emt 00:00:34]}
31. Qxf5+ {[%clk 00:33:48]} {[%emt 00:00:33]} Kg8 {[%clk 00:05:54]} {[%emt
00:01:06]} 32. Qxf6 {[%clk 00:33:53]} {[%emt 00:00:26]} gxf6 {[%clk 00:06:14]}
{[%emt 00:00:10]} 33. a5 {[%clk 00:34:17]} {[%emt 00:00:06]} Kg7 {[%clk
00:06:35]} {[%emt 00:00:09]} 34. a6 {[%clk 00:34:39]} {[%emt 00:00:09]} Kg6
{[%clk 00:07:00]} {[%emt 00:00:04]} 35. a7 {[%clk 00:35:04]} {[%emt 00:00:05]}
Kh5 {[%clk 00:07:20]} {[%emt 00:00:08]} 36. a8=Q {[%clk 00:35:26]} {[%emt
00:00:09]} Kxh4 {[%clk 00:07:28]} {[%emt 00:00:21]} 37. Qe4+ {[%clk 00:35:17]}
{[%emt 00:00:38]} Kh5 {[%clk 00:06:56]} {[%emt 00:01:04]} 38. Qg4# {[%clk
00:35:39]} {[%emt 00:00:08]} 1-0

[Event "DEM U10w 2022"]
[Site "Willingen GER"]
[Date "2022.06.09"]
[Round "8"]
[White "Döscher, Nayla"]
[Black "Lola, Georgia-Maria"]
[Result "1-0"]
[Termination "normal"]
[Board "14"]
[WhiteElo "908"]
[BlackElo "1016"]
[PlyCount "139"]
[WhiteFideId "34625046"]
[BlackFideId "34629335"]
[EventCountry "GER"]
[EventRounds "11"]
[EventType "swiss"]
[EventDate "2022.06.04"]

1. e4 e5 2. Nc3 Nf6 3. f4 Nc6 4. Bc4 d6 5. Nf3 Bg4 6. O-O Nxe4 7. Nxe4 d5 8.
Nf2 Bxf3 9. Qxf3 dxc4 10. d3 cxd3 11. Nxd3 Bd6 12. Re1 Qf6 13. Qg3 e4 14. Rxe4+
Be7 15. Nc5 b6 16. Nd3 O-O 17. Bd2 Rfe8 18. Rf1 Bd6 19. Rxe8+ Rxe8 20. Re1
Rxe1+ 21. Qxe1 Qe7 22. Qxe7 Nxe7 23. g3 c5 24. b3 b5 25. a4 b4 26. c4 a5 27.
Be3 Nf5 28. Bxc5 Bxc5+ 29. Nxc5 Nd4 30. Kf2 f5 31. Ke3 Nc6 32. Nb7 Kf7 33. c5
Ke7 34. Kd3 Kd7 35. Kc4 Kc7 36. Nd6 g6 37. h4 h5 38. Kb5 Nd8 39. Kxa5 Ne6 40.
Kxb4 Kc6 41. Nc4 Nxc5 42. Ne5+ Kd5 43. Nxg6 Na6+ 44. Kb5 Nc7+ 45. Ka5 Kc5 46.
b4+ Kc4 47. b5 Kc5 48. Ne5 Na8 49. Nd7+ Kd6 50. b6 Kxd7 51. b7 Nc7 52. b8=Q Kc6
53. Qb6+ Kd7 54. Qd4+ Kc8 55. Qh8+ Kb7 56. Qxh5 Nd5 57. Qxf5 Ne7 58. Qf7 Kc6
59. Qxe7 Kd5 60. h5 Kc6 61. h6 Kd5 62. h7 Kd4 63. h8=R Kd3 64. Qb4 Ke3 65. Rc8
Kf3 66. Rc3+ Kg4 67. Qf8 Kh5 68. Qg8 Kh6 69. Rc1 Kh5 70. Rh1# 1-0

[Event "DEM U10w 2022"]
[Site "Willingen GER"]
[Date "2022.06.09"]
[Round "8"]
[White "Krannich, Eva"]
[Black "Jiang, Lucia"]
[Result "1/2-1/2"]
[Termination "normal"]
[Board "16"]
[WhiteElo "845"]
[BlackElo "919"]
[PlyCount "70"]
[WhiteFideId "34639713"]
[EventCountry "GER"]
[EventRounds "11"]
[EventType "swiss"]
[EventDate "2022.06.04"]

1. e3 e5 2. d4 exd4 3. exd4 d5 4. Bd3 Bd6 5. Nc3 Ne7 6. Nge2 c6 7. Be3 Be6 8.
Qd2 Nd7 9. O-O-O O-O 10. h4 b5 11. h5 Re8 12. h6 g6 13. Bf4 Bc7 14. Rdg1 a5 15.
g4 b4 16. Nb1 Qb8 17. Bxc7 Qxc7 18. f4 Nf8 19. f5 Bd7 20. fxg6 Nexg6 21. Qg5
Qd6 22. Nf4 Bc8 23. Nxg6 fxg6 24. Rf1 Re6 25. Rf2 Qe7 26. Qxe7 Rxe7 27. Rhf1
Ne6 28. Nd2 Bb7 29. Nb3 Bc8 30. Nc5 Rb8 31. Nxe6 Bxe6 32. g5 Rbe8 33. Be2 Bd7
34. Bd1 Bf5 35. Kd2 Kf7 1/2-1/2

[Event "DEM U10w 2022"]
[Site "Willingen GER"]
[Date "2022.06.09"]
[Round "8"]
[White "Rutschmann, Polly"]
[Black "Nguyen, Minh Anh"]
[Result "1-0"]
[Termination "normal"]
[Board "17"]
[WhiteElo "903"]
[BlackElo "774"]
[PlyCount "47"]
[WhiteFideId "34621261"]
[EventCountry "GER"]
[EventRounds "11"]
[EventType "swiss"]
[EventDate "2022.06.04"]

1. e4 c5 2. Nf3 d6 3. Bc4 Nf6 4. d3 g6 5. Be3 Bg7 6. Qd2 O-O 7. Nc3 Nc6 8.
O-O-O a6 9. Rdg1 b5 10. Bd5 Bb7 11. g4 e6 12. Bxc6 Bxc6 13. h4 b4 14. Ne2 a5
15. Bh6 a4 16. Bxg7 Kxg7 17. h5 Re8 18. hxg6 fxg6 19. Qh6+ Kf7 20. g5 Nh5 21.
Nf4 Nxf4 22. Qxh7+ Kf8 23. Qh8+ Kf7 24. Rh7# 1-0

[Event "DEM U10w 2022"]
[Site "Willingen GER"]
[Date "2022.06.09"]
[Round "8"]
[White "Subocz, Barbara"]
[Black "Kühn, Nicole"]
[Result "1-0"]
[Termination "normal"]
[Board "19"]
[WhiteElo "902"]
[BlackElo "870"]
[PlyCount "63"]
[WhiteFideId "41805658"]
[BlackFideId "34610510"]
[EventCountry "GER"]
[EventRounds "11"]
[EventType "swiss"]
[EventDate "2022.06.04"]

1. e4 e5 2. Nf3 Nc6 3. Nc3 Nf6 4. Bb5 Bc5 5. Nxe5 Nxe5 6. d4 Bd6 7. f4 Nc6 8.
e5 Be7 9. d5 Nb8 10. exf6 Bxf6 11. O-O O-O 12. Be3 Re8 13. Bd2 Bd4+ 14. Kh1 a6
15. Bc4 c6 16. f5 cxd5 17. Bxd5 Nc6 18. Qg4 Kh8 19. Qh5 Rf8 20. Bxf7 Qf6 21.
Bg6 h6 22. Bxh6 Kg8 23. Bg5 Rf7 24. Bxf6 Bxf6 25. Qh7+ Kf8 26. Qh8+ Ke7 27.
Rae1+ Kd6 28. Rd1+ Kc7 29. Bxf7 Kb6 30. Nd5+ Ka7 31. Nxf6 gxf6 32. Qxf6 1-0